000 00850nam a22002177a 4500
999 _c8520
_d8520
003 AR-CdUCM
008 190325b ||||| |||| 00| 0 spa d
040 _aMUNICIPALIDAD PROVINCIAL DEL CUSCO
_cBIBLIOTECA MUNICIPAL DEL CUSCO
082 _a573 /
_bG75
100 _aGoustard, Michel
_923864
245 _aLos monos Antropoides /
260 _aEspaña :
_boikos-tau ,
_c1971.
300 _a126 páginas ;
_c17.5 cm.
440 _a¿Que sé?
_n33
_923865
505 _aContenido : Estudio Zoologico y sistematico -- Anatomia comparada y fisiologia -- La evolucion de los antropoides y de los hominidos -- Biologia Social -- La inteligencia y las adaptaciones de los antropoides...
650 _aFisiologia del Hombre
_923866
650 _aEvolucion de Antropoides
_923867
650 _aBiologia Social
_923868
942 _2ddc
_cLIBROS
945 _artm